000 00396 a2200121 4500
020 _a0419149309 (HB)
020 _a0442311664 (USA)
082 _a693.1 SOW
245 _aThe Maintenance of brick and stone masonry structures /
_cedited by A.M. Sowden.
250 _a1st ed.
260 _aLondon ;
_aNew York :
_bE. & F.N. Spon,
_c1990.
300 _axxviii, 372 p. :
_bill. ;
_c25 cm.
650 _aMasonry
_xMaintenance and repair.
999 _c1772
_d1772